000 00532cam a22002051 4500
001 he 68000681
003 DLC
005 20260227111454.0
008 840529s1967 is 000 0 heb
010 _ahe 68000681
035 _a(OCoLC)19143481
040 _aDLC
_cMH
_dCU
_dDLC
042 _apremarc
050 0 0 _aPJ5054.S446
_bS5
100 2 _aShem-Ur, Orah.
245 1 0 _aShanah ṿe-shishah yamim :
_bhumoresḳot.
260 _aTel Aviv :
_bʻAyin,
_c727 [1967]
300 _a269 p. ;
_c23 cm.
752 _aIsrael
_dTel Aviv
999 _c33026
_d33026